Analýza rizika v základnej výrobe polyetylénových fólií v Chemosvite, a.s., Svit : Záverečná práca

Enregistré dans:
Détails bibliographiques
Auteur principal: Weiss, Peter (Auteur)
Autres auteurs: Oravec, Milan (xxx)
Format: Manuscrit Livre
Langue:slovaque
Publié: Trnava : STU v Bratislave MtF KPE, 2001
Sujets:
Tags: Ajouter un tag
Pas de tags, Soyez le premier à ajouter un tag!

MARC

LEADER 00000ntm a22000003a 4500
001 stu85027
005 20160719154756.3
008 040322s2001----xo------------------slo-d
040 |a STU  |b slo 
041 0 |a slo 
044 |a xo 
100 1 |a Weiss, Peter  |4 aut 
245 1 |a Analýza rizika v základnej výrobe polyetylénových fólií v Chemosvite, a.s., Svit :  |b Záverečná práca 
260 |a Trnava :  |b STU v Bratislave MtF KPE,  |c 2001 
300 |a 84 s  |c príl 
650 7 |a priemyselná ekológia  |2 stusub 
650 7 |a bezpečnosť a ochrana zdravia pri práci  |2 stusub 
700 1 |a Oravec, Milan  |4 xxx